00732nam a2200241 a 450000100060000000300080000600500170001400800410003103500190007204000330009104100080012408200260013210000330015824500530019125000120024426000580025630000260031433600260034033700280036633800270039465000480042170000210046986164BD-RjUL20260205151637.0260205s1961 ii 000 0 eng  a(BD-RjUL)86164 aDLCcCarPdDLCdBD-RjULbeng aeng 223a891.209bWES 19611 aWeber, Albrecht,d1825-1901.12aA history of Indian literature /cAlbrecht Weber a6th ed. aVaranasi :bChowkhamba Sanskrit Series Office, c1961 axxiii, 360 p.c22 cm. atextbtxt2rdacontent aunmediatedbn2rdamedia avolumebnc2rdacarrier 0aSanskrit literaturexHistory and criticism.1 aMann, John,etr.